[Event "49th Bosna Tournament 2019"]
[Site "Sarajevo/"]
[Date "2019.04.29"]
[Round "4.3"]
[White "Brkic, Ante"]
[Black "Jakovljevic, Vlado"]
[Result "1-0"]
[WhiteElo "2560"]
[BlackElo "2356"]
[Annotator "TA"]
[PlyCount "67"]
[EventDate "2019.03.31"]
[EventType "swiss"]
[EventCountry "BIH"]
[SourceTitle "playchess.com"]
[Source "ChessBase"]
[SourceQuality "1"]

{[%evp 9,67,22,24,25,22,15,29,14,18,21,30,25,27,16,31,19,19,17,27,20,48,50,49,38,49,51,69,62,57,54,189,189,275,271,302,302,307,307,300,304,304,289,510,500,602,632,606,542,487,483,742,722,701,695,1522,1452,1344,1293,1179,878]} 1. e4 e5 2. Nf3 Nf6 3. Nxe5 d6 4. Nf3 Nxe4 5. Bd3 Nf6 6. O-O {C42: Petroff Defence: 3 Nxe5 and unusual White 3rd moves} Be7 7. c3 Bg4 (7... O-O 8. Bc2 c5 9. d4 Be6 10. Re1 Re8 11. Bg5 Nbd7 12. Nbd2 Qb6 13. dxc5 dxc5 {½-½ (54) Shankland,S (2725)-Mamedyarov,S (2817) Wijk aan Zee 2019}) 8. Bc2 {White has an edge.} O-O 9. d4 Bh5 10. Re1 Re8 11. Nbd2 Bf8 $146 ({Predecessor:} 11... Nbd7 12. Nf1 Bg6 13. Ng3 Bf8 14. Rxe8 Qxe8 {1-0 (85) Jovanovic,Z (2534)-Valsecchi,A (2491) Balatonszarszo 2017}) 12. h3 Rxe1+ 13. Qxe1 Nbd7 14. Nh4 Qe8 15. Qxe8 Rxe8 16. g4 $36 {[%mdl 2048] White has good play.} Bg6 17. Nxg6 hxg6 18. Nc4 Re1+ 19. Kg2 b6 (19... Nd5 $14) 20. Ne3 $18 c6 (20... Be7 {keeps fighting.} 21. Ba4 Nf8) 21. Bd1 Nd5 22. Bd2 Nxe3+ 23. fxe3 Rxd1 24. Rxd1 {[%mdl 4096] Endgame KRB-KBN} d5 25. b3 {[%cal Bb2b3,Bb3a4,Ba4a5,Ba5a6][%mdl 32]} b5 $2 {[#]} (25... Ba3 {was called for.} 26. g5 b5) 26. a4 {White is clearly winning.} bxa4 27. bxa4 Nb6 28. a5 Nc4 29. a6 Nd6 (29... Ba3 $142 30. Kf3 Bd6) 30. Be1 Nb5 31. Bg3 Bd6 32. Bxd6 Nxd6 33. Rb1 Nb5 34. Rb4 {Accuracy: White = 89%, Black = 41%.} 1-0

[Event "49th Bosna Tournament 2019"]
[Site "Sarajevo/"]
[Date "2019.04.29"]
[Round "4.4"]
[White "Buljubasic, Sabahudin"]
[Black "Predojevic, Borki"]
[Result "0-1"]
[WhiteElo "2347"]
[BlackElo "2621"]
[Annotator "TA"]
[PlyCount "64"]
[EventDate "2019.03.31"]
[EventType "swiss"]
[EventCountry "BIH"]
[SourceTitle "playchess.com"]
[Source "ChessBase"]
[SourceQuality "1"]

{[%evp 12,64,12,1,30,-1,10,0,0,-44,0,0,0,0,-8,-8,0,-24,0,0,0,0,0,0,0,0,0,-19,0,-92,-70,-78,-26,-8,-23,-31,-18,-387,-105,-109,-107,-203,-197,-202,-210,-268,-262,-496,-469,-1286,-1200,-29988,-29988,-29995,-305]} 1. e4 c5 2. Nf3 d6 3. d4 cxd4 4. Nxd4 Nf6 5. Nc3 a6 6. h3 e5 7. Nde2 h5 {B90: Sicilian Najdorf: Unusual White 6th moves, 6 Be3 Ng4 and 6 Be3 e5} 8. Be3 (8. Nd5 Nxd5 9. Qxd5 Nc6 10. Qd1 Be6 11. Nc3 Rc8 12. Be3 Ne7 13. Be2 d5 14. exd5 Nxd5 15. Nxd5 Qxd5 {½-½ (26) Wang,H (2730)-Giri,A (2783) St Petersburg 2018}) 8... Be6 9. f4 Nbd7 {The position is equal.} 10. Qd2 Rc8 11. g3 $146 ({Predecessor:} 11. Rd1 h4 12. g4 hxg3 13. f5 Bc4 14. Nxg3 Bxf1 15. Kxf1 {0-1 (42) Kulkarni,R (2233)-Padmini,R (2356) Mumbai 2011}) 11... b5 {And now ...b4 would win.} 12. a3 Be7 13. Bg2 Nc5 14. Bf3 g6 15. O-O-O Qa5 {White must now prevent ...b4.} 16. Kb1 b4 17. axb4 Qxb4 {Threatens to win with ...Rb8.} 18. Nd5 Qc4 $40 {[%mdl 128] Black mounts an attack.} 19. Bxc5 (19. Nec3 {seems wilder.} Nfxe4 20. Nxe4 Nxe4 21. Bxe4 Qxe4 22. Nxe7 Qa4 23. Nd5) 19... Qxc5 20. Nec3 (20. fxe5 $11 {keeps the balance.} dxe5 21. g4) 20... Bxd5 $1 $17 21. exd5 O-O ({Better is} 21... Rb8 $17) 22. fxe5 $11 dxe5 23. d6 Rfd8 {[%cal Rd8d6]} 24. Qg5 $2 {[%mdl 8192] [#]} (24. Nd5 $11 {and White is okay.} Nxd5 25. dxe7 Nxe7 26. Qxd8+ Rxd8 27. Rxd8+ Kg7 28. g4) 24... Rxd6 $2 (24... Ne4 $1 $19 {[%cal Re4c3][%mdl 512] and Black stays clearly on top.} 25. Qxe7 (25. Nxe4 Qxc2+) 25... Nxc3+ 26. bxc3 Qxc3) 25. Rxd6 $17 Qxd6 26. Rd1 {[#]} (26. Qe3 $17) 26... Qe6 $1 $19 27. Qe3 Bc5 28. Qe2 Bd4 29. Na4 $2 (29. Na2 {was worth a try.}) 29... Rc4 30. b3 {[#]} (30. Rxd4 $142 Rxd4 31. Nc5) 30... Rxa4 $1 {[%mdl 576] Remove Defender} 31. bxa4 Qb6+ 32. Kc1 Qb2+ {Accuracy: White = 28%, Black = 53%.} 0-1

[Event "49th Bosna Tournament 2019"]
[Site "Sarajevo/"]
[Date "2019.04.29"]
[Round "4.5"]
[White "Nestorovic, Nikola"]
[Black "Bilic, Vladimir"]
[Result "1/2-1/2"]
[WhiteElo "2473"]
[BlackElo "2343"]
[Annotator "TA"]
[PlyCount "63"]
[EventDate "2019.03.31"]
[EventType "swiss"]
[EventCountry "BIH"]
[SourceTitle "playchess.com"]
[Source "ChessBase"]
[SourceQuality "1"]

{[%evp 14,63,33,41,95,100,104,75,88,87,96,96,85,93,77,59,132,77,67,64,66,60,73,68,90,85,94,83,91,87,95,97,83,49,47,44,24,0,0,0,0,7,0,0,0,0,0,0,0,0,0,0]} 1. e4 e6 2. d4 d5 3. Nc3 Bb4 4. e5 c5 5. a3 Bxc3+ 6. bxc3 Qc7 7. Qg4 f6 8. Nf3 f5 {C18: French: 3 Nc3 Bb4: Main line: 7 h4 and 7 Qg4} ({Black should try} 8... c4 $14) (8... c4 9. h4 Nc6 10. Bf4 h5 11. Qg3 Qf7 12. Be2 Bd7 13. O-O O-O-O 14. a4 Nge7 15. a5 Nf5 16. Qh2 Rdg8 {0-1 (53) Anand,V (2803)-Ponkratov,P (2604) Berlin 2015}) 9. Qg3 $16 cxd4 10. cxd4 Qc3+ {White is better.} 11. Kd1 Ne7 (11... Qxa1 $2 {too greedy.} 12. Qxg7 Nc6 13. Qxh8 $18) 12. Rb1 $146 ({Don't blunder} 12. Qxg7 $2 Rg8 $19) ({Predecessor:} 12. Ra2 O-O 13. Bd3 Qc7 14. a4 Nbc6 15. Ba3 Re8 16. Kd2 {1-0 (70) Beyer,C (2256)-Szczep,Z (2238) Stuttgart 2017}) 12... O-O 13. Bh6 {[%csl Gh6][%cal Rg3g7] [#]} Rf7 14. Bd3 (14. Bd2 $5 {[%cal Rd2c3]} Qc7 15. Qh3 $16) 14... Nbc6 (14... Qxa3 $14 15. Bd2 Nec6) 15. Ng5 (15. Bd2 $142 Qxa3 16. Ke2) 15... Ng6 {Strongly threatening ...Rc7.} 16. Nxf7 Kxf7 17. Bd2 Qxd4 18. f4 Qc5 19. a4 b6 20. h4 Bd7 21. Qe3 d4 22. Qf3 Rc8 23. h5 Nge7 24. Ke2 Nd5 25. Rb5 Nc3+ {The position is equal.} 26. Bxc3 Qxc3 27. Rhb1 Ne7 28. R1b3 Qa1 29. Rb1 Qc3 30. R1b3 Qa1 31. Rb1 Qc3 32. R1b3 {Accuracy: White = 83%, Black = 67%.} 1/2-1/2

[Event "49th Bosna Tournament 2019"]
[Site "Sarajevo/"]
[Date "2019.04.29"]
[Round "4.6"]
[White "Soysal, Serkan"]
[Black "Vajic, Goran"]
[Result "1/2-1/2"]
[WhiteElo "2424"]
[BlackElo "2280"]
[Annotator "TA"]
[PlyCount "123"]
[EventDate "2019.03.31"]
[EventType "swiss"]
[EventCountry "BIH"]
[SourceTitle "playchess.com"]
[Source "ChessBase"]
[SourceQuality "1"]

{[%evp 11,123,0,18,0,0,6,46,16,51,20,19,8,51,31,26,25,62,33,35,39,38,33,56,56,92,74,111,94,90,70,67,31,37,31,32,16,13,0,0,0,0,0,0,0,0,-25,-8,-10,23,0,0,-9,-14,-18,-3,-7,0,0,0,0,0,0,0,0,0,0,0,0,14,14,14,14,14,0,0,0,0,0,0,0,0,0,0,0,0,0,0,0,0,0,0,0,13,13,13,13,13,0,0,0,13,13,13,13,14,0,0,0,0,0,0,0,0,0]} 1. d4 e6 2. Nf3 f5 3. Bf4 Nf6 4. e3 b6 5. Nbd2 Bb7 6. Bd3 Be7 7. h3 {A80: Dutch Defence: Unusual White second moves} O-O 8. c3 (8. Qe2 Ne4 9. Rg1 d6 10. g4 Nd7 11. gxf5 exf5 12. O-O-O Kh8 13. h4 {½-½ (54) Ramirez Alvarez,A (2567)-Cheparinov,I (2691) Caleta 2019}) 8... Be4 9. Be2 $146 {White is slightly better.} ({Predecessor:} 9. Bxe4 Nxe4 10. Nxe4 fxe4 11. Nd2 d5 12. O-O c5 13. f3 exf3 14. Qxf3 Nc6 {0-1 (45) Dyachkov,S (2510)-Ulybin,M (2575) Maikop 1998}) 9... c5 10. O-O Bb7 11. Bh2 Ne4 12. Ne5 d6 {[#] aiming for ...Nxd2.} 13. Nd3 $36 {[%mdl 2048] White fights for an advantage.} Bg5 14. Nf4 Nxd2 15. Qxd2 Qe7 16. Rad1 cxd4 17. exd4 Nd7 18. Bc4 Kh8 19. Rfe1 Rf6 20. Qe3 {[%cal Rc4e6]} Nf8 21. Qg3 Bxf4 22. Qxf4 Rd8 23. Re2 Ng6 24. Qg5 h6 25. Qh5 Qf7 26. Ree1 Bd5 27. Bxd5 exd5 28. g3 f4 29. g4 Nf8 30. Qxf7 Rxf7 {The position is equal.} 31. Re2 g5 32. f3 Kg7 33. Kf1 Kf6 34. Bg1 Re7 35. Rxe7 Kxe7 $11 {[%mdl 4096] Endgame KRB-KRN} 36. Ke2 Ng6 37. Bf2 Rh8 38. h4 Kf6 39. Rh1 h5 40. hxg5+ Kxg5 41. gxh5 Rxh5 42. Rg1+ Kf5 43. a4 Rh2 44. b3 Ne7 45. b4 a6 46. b5 a5 47. Rg7 Kf6 48. Rg4 Ng6 49. Rg1 Rh7 50. Rc1 Rc7 51. Kd3 Rc4 52. Ra1 Rc8 53. Rh1 Rc4 54. Ra1 Rc8 55. Rh1 Rc4 56. Bh4+ Nxh4 57. Rxh4 {KR-KR} Kg5 58. Rh7 Rxa4 59. Rb7 Ra2 60. Rxb6 Rb2 61. Rxd6 Rxb5 62. Ra6 {Accuracy: White = 55%, Black = 65%.} 1/2-1/2

[Event "49th Bosna Tournament 2019"]
[Site "Sarajevo/"]
[Date "2019.04.29"]
[Round "4.7"]
[White "Pastar, Slaven"]
[Black "Dizdarevic, Emir"]
[Result "0-1"]
[WhiteElo "2295"]
[BlackElo "2423"]
[Annotator "TA"]
[PlyCount "72"]
[EventDate "2019.03.31"]
[EventType "swiss"]
[EventCountry "BIH"]
[SourceTitle "playchess.com"]
[Source "ChessBase"]
[SourceQuality "1"]

{[%evp 9,72,0,5,0,33,-12,-6,-12,-12,-29,-24,-27,-20,-27,18,12,27,0,8,-22,-12,-28,-31,-25,-22,-11,-4,-27,0,-1,-11,-99,-103,-103,-93,-261,-181,-639,-637,-626,-650,-643,-625,-792,-795,-844,-791,-1043,-1043,-1022,-1004,-991,-990,-974,-980,-1229,-1220,-1578,-1553,-1775,-1788,-1780,-1736,-6399,-5600]} 1. d4 e6 2. c4 Bb4+ 3. Nd2 Nf6 4. a3 Be7 5. b4 $146 {[%cal Bb2b4,Bb4b5][%mdl 32]} ({Predecessor:} 5. Ngf3 O-O 6. e4 d6 7. Bd3 e5 8. O-O exd4 9. Nxd4 Nc6 10. Nxc6 bxc6 11. Nb3 Re8 12. Na5 Bd7 13. Bf4 Bf8 14. Re1 {1-0 (34) Nakamura,H (2764)-Jobava,B (2717) Tashkent 2014}) 5... a5 6. b5 {A40: Unusual replies to 1 d4} c5 7. Ngf3 cxd4 8. Nxd4 {The position is equal.} d6 9. e4 Nbd7 10. Bd3 O-O 11. O-O d5 12. cxd5 exd5 13. exd5 Nc5 14. Bc4 Nxd5 {Threatens to win with ...Nc3.} 15. Bb2 Nb6 16. Rc1 Nca4 17. Ba1 $1 Bxa3 {aiming for ...Nb2.} 18. Rc2 Bb4 19. Bd3 Nd5 {White must now prevent ...Ndc3.} 20. Qh5 {[#]} (20. Qf3 $11 {remains equal.}) 20... Nf6 $1 $36 {[%cal Rf6h5][%mdl 2048] Black is really pushing.} 21. Qh4 Nc5 22. Nf5 $2 (22. Be2 $17) 22... Nxd3 {[#]} 23. Rxc8 $2 (23. Nh6+ $1 {[%mdl 512]} gxh6 24. Rxc8 Rxc8 25. Bxf6 Qxf6 26. Qxf6 Bxd2 27. Qf3) 23... Rxc8 $19 {Black is clearly winning.} 24. Nxg7 Bc3 25. Nf5 {White threatens Qg5+ and mate.} Kh8 26. Qh6 {[%csl Gf5][%cal Rh6g7]} Rg8 {And now ...Bxa1 would win.} 27. Nf3 Rg6 28. Bxc3 Rxh6 29. Nxh6 Kg7 ({Less strong is} 29... Rxc3 30. Nxf7+ Kg8 31. Nxd8 $15) 30. Nf5+ Kf8 31. Bd2 h5 32. h4 Rc5 33. N3d4 Qd7 34. Bh6+ Kg8 35. Rd1 Rxf5 36. Rxd3 Ng4 {Accuracy: White = 33%, Black = 68%.} 0-1

[Event "49th Bosna Tournament 2019"]
[Site "Sarajevo/"]
[Date "2019.04.29"]
[Round "4.8"]
[White "Maksimovic, Bojan"]
[Black "Ozen, Deniz"]
[Result "1/2-1/2"]
[WhiteElo "2288"]
[BlackElo "2403"]
[Annotator "TA"]
[PlyCount "54"]
[EventDate "2019.03.31"]
[EventType "swiss"]
[EventCountry "BIH"]
[SourceTitle "playchess.com"]
[Source "ChessBase"]
[SourceQuality "1"]

{[%evp 10,54,0,0,11,0,12,10,11,27,20,10,5,-40,-15,-36,0,-9,60,48,80,66,82,81,146,119,143,151,112,109,115,81,261,260,314,212,299,300,322,319,327,331,327,0,0,-15,-6]} 1. e4 e6 2. d4 d5 3. Nc3 Nf6 4. e5 Nfd7 5. f4 c5 6. Nf3 Be7 {C11: French: Classical System: 4 e5 and 4 Bg5 dxe4} 7. Be3 O-O 8. Qd2 a6 9. dxc5 Nxc5 10. O-O-O Nbd7 11. Kb1 $146 ({Predecessor:} 11. Qf2 b5 12. a3 Qc7 13. f5 Bb7 14. Qg3 {0-1 (32) David,A (2571)-Baklan,V (2614) Drancy 2016}) 11... b5 12. Bd3 Bb7 13. h4 Nxd3 (13... Qc7 $11) 14. Qxd3 $14 b4 15. Ng5 $36 {[%csl Gg5][%cal Rd3h7][%mdl 2048] [#] White is pushing.} g6 16. Ne2 Rc8 (16... Qc7 $142) 17. Nd4 $16 Nc5 18. Qe2 Qc7 19. g4 a5 {...a4 would now be nice for Black.} 20. Qh2 Ba6 $2 (20... a4 $16 {might work better.}) 21. f5 $18 b3 22. f6 (22. cxb3 exf5 23. gxf5 Bd3+ 24. Ka1 Be4) ({Resist} 22. Nxb3 $6 Nxb3 23. axb3 a4 $18) 22... bxc2+ (22... Bxf6 $142 23. exf6 Qxh2 24. Rxh2 bxc2+ 25. Nxc2 Nd7) 23. Qxc2 {[#] And now h5 would win.} Bxf6 24. exf6 {Black must now prevent h5.} Qe5 25. Qd2 Qxf6 26. Qf2 $2 ({Less strong is} 26. Qxa5 Bc4 $16) (26. Ka1 $18) 26... Qxf2 $11 27. Bxf2 e5 {Accuracy: White = 70%, Black = 39%.} 1/2-1/2

[Event "49th Bosna Tournament 2019"]
[Site "Sarajevo/"]
[Date "2019.04.29"]
[Round "4.9"]
[White "Kozul, Zdenko"]
[Black "Mrndjic, Muamer"]
[Result "1-0"]
[WhiteElo "2589"]
[BlackElo "2239"]
[Annotator "TA"]
[PlyCount "81"]
[EventDate "2019.03.31"]
[EventType "swiss"]
[EventCountry "BIH"]
[SourceTitle "playchess.com"]
[Source "ChessBase"]
[SourceQuality "1"]

{[%evp 27,81,85,111,108,115,118,134,84,92,91,129,96,147,113,120,98,115,100,102,54,61,58,64,66,64,47,105,107,96,64,275,253,365,337,354,343,352,350,343,338,345,323,278,296,281,237,524,384,606,537,595,465,528,490,29989,29990]} 1. d4 Nf6 2. Nf3 g6 3. c4 Bg7 4. Nc3 O-O 5. e4 d6 6. Be2 e5 7. O-O Nc6 8. d5 Ne7 9. Ne1 Nd7 10. Be3 f5 11. f3 Nf6 12. c5 f4 13. Bf2 g5 14. Rc1 Ne8 15. cxd6 {E99: King's Indian: Classical Main Line: 9 Ne1 Nd7 10 f3 f5} cxd6 16. Nb5 {[%cal Bc3b5,Bb5a3,Ba3c4][%mdl 32]} Bd7 (16... b6 17. Nd3 Rf6 18. Nb4 Rg6 19. Nc6 Qd7 20. Nbxa7 Nxc6 21. Nxc8 Qxc8 22. dxc6 Kh8 {1-0 (39) Fedorovsky,M (2498)-Matt,F (2326) Austria 2017}) 17. a4 $146 {White is clearly better.} ({Predecessor:} 17. Nxa7 h5 18. a4 Rf6 19. Bb5 Rg6 20. Qb3 g4 21. Bxd7 Qxd7 22. Qb5 Qxb5 23. axb5 g3 24. Bb6 gxh2+ 25. Kxh2 Bf6 {0-1 (40) Stross,F (2261)-Tejkal,J (2061) Liberec 2004}) 17... a6 {[#]} 18. Na3 $1 Rc8 19. Rxc8 Bxc8 (19... Qxc8 $142 20. Nc4 Qc7) 20. Nc4 Ng6 21. Qb3 h5 22. h3 Rf7 23. Nb6 Nf6 24. Nd3 g4 25. Rc1 Bd7 $1 26. Nxd7 Rxd7 (26... Qxd7 $14 27. hxg4 hxg4) 27. Bb6 $36 {[%mdl 2048] Black is under strong pressure.} Qe8 28. fxg4 Nxe4 $2 {[#]} (28... hxg4 $14 29. Bxg4 (29. hxg4 Nxe4 30. g5 Nxg5 $11) 29... Nxg4 30. hxg4 Nf8) 29. gxh5 $18 f3 (29... Nf8 $142 30. Bg4 Nf6 31. Bxd7 N8xd7) 30. Bxf3 ({Less strong is} 30. hxg6 fxe2 31. Qc4 Nf6 $14) 30... Nd2 31. Qd1 Nxf3+ 32. Qxf3 ({Not} 32. gxf3 Ne7 $11) 32... e4 33. Qe2 Re7 34. hxg6 exd3 35. Qxd3 Bxb2 36. Rc2 Re1+ $2 (36... Bf6 {keeps fighting.} 37. Rf2 Ba1) 37. Kh2 Be5+ (37... Bf6 $142 38. a5 Kg7 39. Rc7+ Re7) 38. g3 Re4 39. Bf2 Qxg6 40. Rc4 Rg4 (40... Qf7 $18 41. Rxe4 Qxf2+ 42. Kh1 Kg7 43. Rg4+ Kf6) 41. Rxg4 {[%mdl 64] Pin. Accuracy: White = 62%, Black = 39%.} 1-0

[Event "49th Bosna Tournament 2019"]
[Site "Sarajevo/"]
[Date "2019.04.30"]
[Round "5.1"]
[White "Kadric, Denis"]
[Black "Sadikhov, Ulvi"]
[Result "1/2-1/2"]
[WhiteElo "2542"]
[BlackElo "2479"]
[Annotator "TA"]
[PlyCount "51"]
[EventDate "2019.03.31"]
[EventType "swiss"]
[EventCountry "BIH"]
[SourceTitle "playchess.com"]
[Source "ChessBase"]
[SourceQuality "1"]

{[%evp 10,51,8,0,28,19,19,18,21,22,20,22,21,26,38,15,24,9,27,12,11,7,79,71,85,81,89,83,103,93,141,135,147,103,106,125,83,0,0,0,0,-8,-4,51]} 1. e4 c5 2. Nc3 a6 3. g3 b5 4. Bg2 Bb7 5. Nh3 e6 6. d3 Nf6 {B23: Closed Sicilian: Lines without g3} (6... b4 7. Ne2 d5 8. e5 Nc6 9. f4 Nh6 10. Nf2 Nf5 11. O-O Qb6 12. c3 Be7 13. g4 Nh4 14. Bh1 {0-1 (35) Yu,Y (2738)-Khismatullin,D (2639) Moscow 2017}) 7. O-O d6 8. f4 b4 9. Na4 Be7 10. c3 bxc3 $146 ({Predecessor:} 10... a5 11. Nf2 Qc7 12. d4 Nbd7 {½-½ (65) Kadric,D (2515)-Tsolakidou,S (2365) Kavala 2017}) 11. bxc3 O-O 12. Nf2 Bc6 13. Nb2 d5 14. e5 Nfd7 15. d4 f5 (15... Qa5 $11 {keeps the balance.}) 16. exf6 $16 Bxf6 17. Be3 Qa5 18. Rc1 Qxa2 19. Nbd3 {[%cal Bb2d3,Bd3f4,Bf4d5,Bd5f6][%mdl 32]} Bb5 20. f5 exf5 21. Ra1 Qc4 {[#]} 22. Nf4 $1 Bc6 23. dxc5 ({White should try} 23. Qd2 $16 {Threatens to win with Rfb1.} Ra7 24. Rfb1) 23... Qxc3 $11 {The position is equal.} 24. Nxd5 Qxa1 25. Qb3 Qa4 26. Nxf6+ {Accuracy: White = 78%, Black = 49%.} 1/2-1/2

[Event "49th Bosna Tournament 2019"]
[Site "Sarajevo/"]
[Date "2019.04.30"]
[Round "5.2"]
[White "Dizdarevic, Emir"]
[Black "Brkic, Ante"]
[Result "1/2-1/2"]
[WhiteElo "2423"]
[BlackElo "2560"]
[Annotator "TA"]
[PlyCount "85"]
[EventDate "2019.03.31"]
[EventType "swiss"]
[EventCountry "BIH"]
[SourceTitle "playchess.com"]
[Source "ChessBase"]
[SourceQuality "1"]

{[%evp 12,85,14,-7,7,0,0,0,0,0,0,-1,4,-1,0,0,0,2,10,9,35,31,37,46,43,32,61,56,64,55,60,62,83,72,58,48,103,57,56,41,49,41,43,35,28,8,23,10,22,28,73,62,71,68,80,81,89,97,105,65,101,101,126,75,140,103,166,166,252,231,233,0,139,0,192,0]} 1. Nf3 d5 2. e3 Nf6 3. c4 e6 4. b3 c5 5. Bb2 Nc6 6. cxd5 exd5 7. d4 Bg4 {Strongly threatening ...cxd4. A13: English Opening: 1...e6} (7... cxd4 8. Nxd4 Bb4+ 9. Bc3 a5 10. a3 Bc5 11. Nxc6 bxc6 12. Nd2 Qe7 13. Be2 Bxa3 14. Bxf6 gxf6 15. O-O {1-0 (27) Spoelman,W (2578)-Fridman,D (2631) chess.com INT 2019}) 8. Be2 Bxf3 9. Bxf3 cxd4 {The position is equal.} 10. Bxd4 Nxd4 11. Qxd4 Qa5+ 12. Ke2 Bc5 $146 ({Predecessor:} 12... Be7 13. Nc3 O-O 14. Rhc1 Rad8 15. Qa4 {½-½ (23) Suarez Hernandez,F (1560)-Garcia Cervigon,J (1746) Benidorm 2014}) 13. Qa4+ Qxa4 14. bxa4 Ke7 15. Nc3 Rhd8 16. Rab1 Rab8 17. a5 d4 18. Na4 Bd6 19. exd4 Bc7 20. Rhd1 ({Much worse is} 20. Rxb7 Rxb7 21. Bxb7 Rxd4 $15) 20... Bxa5 21. Bxb7 Rd7 22. Nc5 Rd6 23. Rb3 Rbd8 ({Black should try} 23... Bb6 $14) 24. Rbd3 Rb6 25. Nb3 Bb4 26. Bf3 Ra6 27. Ra1 Ra3 28. d5 Kd6 29. Kf1 Rc8 30. Rdd1 $36 {[%mdl 2048] Black is under pressure.} a6 31. Nd4 g6 32. Nc6 Bc5 33. Rd2 Re8 34. Rb1 Nd7 35. Rb3 Ra4 36. g3 f5 37. h4 (37. Bd1 $142) 37... h5 (37... Nf6 $142) 38. Bd1 Rae4 (38... Nf6 $16 {might work better.}) 39. Kg2 $18 f4 (39... Nb6 {was called for.} 40. Bf3 Ra4) 40. Bf3 $1 {[%cal Rf3e4]} Ra4 {[#]} 41. Bd1 (41. gxf4 $1 $18 Nb6 42. Ne5) 41... Rae4 $1 $16 42. Bf3 (42. Rc2 $16) 42... Ra4 $1 $18 {[#]} 43. Bd1 $2 {Accuracy: White = 44%, Black = 45%.} ({Better is} 43. gxf4 $1 $18 Nb6 44. Ne5) 1/2-1/2

[Event "49th Bosna Tournament 2019"]
[Site "Sarajevo/"]
[Date "2019.04.30"]
[Round "5.3"]
[White "Predojevic, Borki"]
[Black "Kozul, Zdenko"]
[Result "1/2-1/2"]
[WhiteElo "2621"]
[BlackElo "2589"]
[Annotator "TA"]
[PlyCount "38"]
[EventDate "2019.03.31"]
[EventType "swiss"]
[EventCountry "BIH"]
[SourceTitle "playchess.com"]
[Source "ChessBase"]
[SourceQuality "1"]

{[%evp 21,22,4,15]} 1. d4 Nf6 2. c4 g6 3. g3 c6 4. Bg2 d5 5. Nf3 Bg7 6. O-O O-O 7. cxd5 cxd5 8. Nc3 Nc6 9. Bf4 e6 10. Ne5 Nxe5 11. Bxe5 Bd7 {Predecessor:} 12. Qd2 $146 Qe7 13. Rac1 Bc6 14. Rc2 Rfd8 15. Rfc1 Ne8 16. Bxg7 Kxg7 17. e3 Nd6 18. Ne2 Bb5 19. Nf4 Rac8 {½-½ (44) Topalov,V (2798)-Caruana,F (2805) Stavanger 2015} 1/2-1/2

[Event "49th Bosna Tournament 2019"]
[Site "Sarajevo/"]
[Date "2019.04.30"]
[Round "5.4"]
[White "Djukic, Nikola"]
[Black "Jakovljevic, Vlado"]
[Result "1-0"]
[WhiteElo "2566"]
[BlackElo "2356"]
[Annotator "TA"]
[PlyCount "55"]
[EventDate "2019.03.31"]
[EventType "swiss"]
[EventCountry "BIH"]
[SourceTitle "playchess.com"]
[Source "ChessBase"]
[SourceQuality "1"]

{[%evp 20,55,20,20,60,79,60,60,195,193,188,193,192,192,225,232,225,219,227,218,228,220,212,223,250,235,255,200,273,245,325,316,325,322,537,535,699,689]} 1. g3 d5 2. Bg2 c5 3. c4 Nf6 4. cxd5 Nxd5 5. Nc3 Nc7 6. Nf3 Nc6 7. O-O e5 8. d3 Be7 9. Nd2 Bd7 10. Nc4 f6 11. f4 exf4 {A34: Symmetrical English: 2 Nc3, lines with ...d5} (11... b5 12. Ne3 exf4 13. Nf5 b4 14. Nxg7+ Kf7 15. Nh5 bxc3 16. bxc3 Bg4 17. Nxf6 Bxf6 18. Bxc6 Nd5 19. Bxd5+ Qxd5 20. Rxf4 Qe6 21. Qf1 Kg7 22. Re4 Qf5 23. Rf4 Qe6 24. Re4 Qf5 25. Rf4 {½-½ (25) Maghsoodloo,P (2685)-Timofeev,A (2580) St Petersburg 2018}) 12. Bxf4 {Threatens to win with Nd6+.} Be6 13. Qa4 Nd5 (13... Qd7 $1 $14) 14. Nxd5 Bxd5 15. Bxd5 Qxd5 {[#]} 16. Nb6 $1 {[%cal Rb6d5][%mdl 576] Double Attack, Pin} Qd4+ (16... axb6 17. Qxa8+) 17. Qxd4 Nxd4 18. Nxa8 {aiming for Nc7+.} Nxe2+ 19. Kg2 $146 ({Predecessor:} 19. Kf2 Nxf4 20. gxf4 {½-½ (55) Sauter,C-Lorenz,M Eppingen 2004}) 19... Nxf4+ 20. Rxf4 ({Resist} 20. gxf4 $6 Kd7) 20... Kd7 21. d4 Rxa8 22. dxc5 Bxc5 $18 {[%mdl 4096] Endgame KRR-KRB} 23. Rg4 g6 24. Rh4 h5 25. Rd1+ Kc6 26. Re4 Rf8 $2 {[#]} (26... a5 {is a better defense.} 27. Re6+ Kb5 28. Rxf6 Re8) 27. b4 Bb6 28. a4 1-0